[Event "English Online Blitz Gp2"]
[Site "Chess.com INT"]
[Date "2020.05.09"]
[Round "7"]
[White "Neale, George"]
[Black "Miller, George"]
[Result "0-1"]
[WhiteElo "1734"]
[BlackElo "1815"]
[PlyCount "42"]
[EventDate "2020.05.09"]
[EventType "swiss (blitz)"]
[EventRounds "11"]
[EventCountry "ENG"]
[SourceTitle "CBM 196 Extra"]
[Source "ChessBase"]
[SourceDate "2020.07.31"]
[SourceVersion "1"]
[SourceVersionDate "2020.07.31"]
[SourceQuality "1"]

1. d4 d5 2. c4 e5 3. dxe5 d4 4. Bd2 Nc6 5. Nf3 Nge7 6. g3 Ng6 7. Bg2 Be6 8. b3 Qd7 9. 0-0 0-0-0 10. e3 dxe3 11. fxe3 Ngxe5 12. Nxe5 Nxe5 13. Nc3 Qxd2 14. Qxd2 Rxd2 15. Nb5 Bc5 16. b4 Bxe3+ 17. Kh1 a6 18. Nc3 Nxc4 19. Ne4 Rd7 20. Nc5 Bxc5 21. bxc5 Ne3 0-1

[Event "English Online Blitz Gp2"]
[Site "Chess.com INT"]
[Date "2020.05.09"]
[Round "5"]
[White "Westwood, Richard D"]
[Black "Neale, George"]
[Result "0-1"]
[WhiteElo "2080"]
[BlackElo "1734"]
[PlyCount "96"]
[EventDate "2020.05.09"]
[EventType "swiss (blitz)"]
[EventRounds "11"]
[EventCountry "ENG"]
[SourceTitle "CBM 196 Extra"]
[Source "ChessBase"]
[SourceDate "2020.07.31"]
[SourceVersion "1"]
[SourceVersionDate "2020.07.31"]
[SourceQuality "1"]

1. d4 d5 2. c4 e6 3. Nc3 Nf6 4. cxd5 exd5 5. Nf3 Be7 6. Bf4 a6 7. e3 0-0 8. Bd3 Bg4 9. 0-0 Nbd7 10. h3 Bh5 11. g4 Nxg4 12. hxg4 Bxg4 13. Be2 Bd6 14. Bxd6 cxd6 15. Nh2 Bh3 16. Re1 Qg5+ 17. Bg4 h5 18. f4 Qg6 19. Kf2 hxg4 20. Kg3 Nf6 21. Nf1 Ne4+ 22. Nxe4 Qxe4 23. Qe2 Bxf1 24. Rxf1 g6 25. Rae1 Kg7 26. Qg2 Qxg2+ 27. Kxg2 Rh8 28. Rc1 Rac8 29. Kg3 Rxc1 30. Rxc1 Rh3+ 31. Kf2 g3+ 32. Kf3 Rh2 33. Rb1 g2 34. Kf2 Rh1 35. Rg1 Rxg1 36. Kxg1 f6 37. Kxg2 g5 38. Kf3 Kg6 39. Kg4 f5+ 40. Kg3 g4 41. Kh4 Kh6 42. b3 b5 43. b4 Kg6 44. a3 Kh6 45. Kg3 Kh5 46. Kg2 Kh4 47. Kf2 g3+ 48. Kg1 Kh3 0-1

[Event "BCF-chT4S 1920 (4NCL)"]
[Site "England"]
[Date "2020.02.09"]
[Round "6.63"]
[White "Neale, George"]
[Black "Williamson, Kevin J"]
[Result "0-1"]
[WhiteElo "1885"]
[BlackElo "1844"]
[PlyCount "84"]
[EventDate "2019.11.09"]
[EventType "team-swiss"]
[EventRounds "11"]
[EventCountry "ENG"]
[SourceTitle "EXT 2022"]
[Source "ChessBase"]
[SourceDate "2021.10.06"]
[SourceVersion "1"]
[SourceVersionDate "2021.10.06"]
[SourceQuality "1"]
[WhiteTeam "Sussex Martlets III"]
[BlackTeam "MK Phoenix II"]
[WhiteTeamCountry "ENG"]
[BlackTeamCountry "ENG"]

1. d4 Nf6 2. Nf3 d6 3. c4 c6 4. Nc3 Qc7 5. Bf4 Nbd7 6. c5 Nh5 7. cxd6 exd6 8. Qd2 Nxf4 9. Qxf4 Qb6 10. Rb1 Nf6 11. e3 Be6 12. Ng5 Be7 13. Nxe6 fxe6 14. Bc4 d5 15. Bd3 Qd8 16. g4 Bd6 17. Qg5 Qc7 18. Qh4 0-0-0 19. b4 Qe7 20. a3 g5 21. Qh3 h5 22. gxh5 Rxh5 23. Qf3 Rdh8 24. b5 c5 25. dxc5 Bxc5 26. Rc1 Kb8 27. a4 g4 28. Qd1 Rxh2 29. Rf1 Bb4 30. Be2 Ne4 31. Qd4 Bxc3+ 32. Rxc3 Nxc3 33. Qxc3 Qc7 34. Qb2 g3 35. Kd2 g2 36. Rg1 Rf8 37. f4 Rg8 38. Bf3 Qg7 39. Qb4 Rc8 40. f5 exf5 41. Qd6+ Qc7 42. Qxd5 Rd8 0-1

[Event "BCF-chT4S 1819 (4NCL)"]
[Site "England"]
[Date "2019.02.09"]
[Round "5.52"]
[White "Neale, George"]
[Black "Tivillier, Jacques"]
[Result "1/2-1/2"]
[WhiteElo "1877"]
[BlackElo "1915"]
[PlyCount "28"]
[EventDate "2018.11.17"]
[EventType "team-swiss"]
[EventRounds "11"]
[EventCountry "ENG"]
[SourceTitle "EXT 2021"]
[Source "ChessBase"]
[SourceDate "2020.10.23"]
[SourceVersion "1"]
[SourceVersionDate "2020.10.23"]
[SourceQuality "1"]
[WhiteTeam "Sussex Martlets III"]
[BlackTeam "Celtic Tigers II"]
[WhiteTeamCountry "ENG"]
[BlackTeamCountry "ENG"]

1. d4 c5 2. c4 cxd4 3. Nf3 Nc6 4. Nxd4 Nf6 5. Nc3 g6 6. Bf4 Nxd4 7. Qxd4 d6 8. Bg5 Bg7 9. Nd5 0-0 10. Nxf6+ exf6 11. Bf4 Qa5+ 12. Qd2 Qxd2+ 13. Bxd2 Be6 14. b3 f5 1/2-1/2

[Event "BCF-chT4S 1718 (4NCL)"]
[Site "England"]
[Date "2018.02.11"]
[Round "6.114"]
[White "Gilmore, Samuel"]
[Black "Neale, George"]
[Result "1/2-1/2"]
[WhiteElo "1481"]
[BlackElo "1668"]
[PlyCount "55"]
[EventDate "2017.11.11"]
[EventType "team-swiss"]
[EventRounds "11"]
[EventCountry "ENG"]
[SourceTitle "EXT 2020"]
[Source "ChessBase"]
[SourceDate "2019.10.17"]
[SourceVersion "1"]
[SourceVersionDate "2019.10.17"]
[SourceQuality "1"]
[WhiteTeam "Barnet Knights II"]
[BlackTeam "Sussex Martlets III"]
[WhiteTeamCountry "ENG"]
[BlackTeamCountry "ENG"]

1. d4 d5 2. Nf3 Nf6 3. c4 e6 4. Nc3 Be7 5. Bg5 0-0 6. e3 h6 7. Bh4 Nbd7 8. Bd3 dxc4 9. Bxc4 b6 10. 0-0 Bb7 11. Re1 c5 12. h3 Rc8 13. Be2 Ne4 14. Bxe7 Qxe7 15. Bd3 Nxc3 16. bxc3 cxd4 17. cxd4 Rc3 18. e4 Qa3 19. Bb5 Nf6 20. Nd2 Rd8 21. Nb1 Qb2 22. Nxc3 Qxc3 23. Qf3 Qb2 24. Reb1 Qc2 25. Bd3 Qa4 26. Bb5 Qc2 27. Bd3 Qa4 28. Bb5 1/2-1/2

[Event "BCF-chT4S 1718 (4NCL)"]
[Site "England"]
[Date "2018.02.10"]
[Round "5.124"]
[White "Sheikh, Anum"]
[Black "Neale, George"]
[Result "0-1"]
[WhiteElo "1526"]
[BlackElo "1668"]
[PlyCount "48"]
[EventDate "2017.11.11"]
[EventType "team-swiss"]
[EventRounds "11"]
[EventCountry "ENG"]
[SourceTitle "EXT 2020"]
[Source "ChessBase"]
[SourceDate "2019.10.17"]
[SourceVersion "1"]
[SourceVersionDate "2019.10.17"]
[SourceQuality "1"]
[WhiteTeam "D&D United"]
[BlackTeam "Sussex Martlets III"]
[WhiteTeamCountry "ENG"]
[BlackTeamCountry "ENG"]

1. e4 e5 2. Nf3 Nf6 3. Nc3 Nc6 4. d4 exd4 5. Nxd4 Bb4 6. Nxc6 dxc6 7. Bd3 0-0 8. 0-0 Re8 9. Bg5 h6 10. Bh4 Qd4 11. Ne2 Qe5 12. c3 Bd6 13. f4 Bc5+ 14. Kh1 Qe6 15. f5 Qd6 16. Bg3 Qd7 17. Qc2 Ng4 18. Rf4 Ne3 19. Qd2 Nc4 20. Qc2 Nxb2 21. Qxb2 Qxd3 22. f6 g5 23. Rff1 Rxe4 24. Nc1 Qxf1# 0-1

[Event "GBR-ch Major 104th"]
[Site "Llandudno"]
[Date "2017.08.03"]
[Round "6"]
[White "Akeya Price, Robert A"]
[Black "Neale, George"]
[Result "1-0"]
[WhiteElo "1746"]
[BlackElo "1635"]
[PlyCount "69"]
[EventDate "2017.07.29"]
[EventType "swiss"]
[EventRounds "9"]
[EventCountry "WLS"]
[SourceTitle "CBM 179 Extra"]
[Source "ChessBase"]
[SourceDate "2017.08.23"]
[SourceVersion "1"]
[SourceVersionDate "2017.08.23"]
[SourceQuality "1"]

1. d4 d5 2. c4 e6 3. Nf3 Nf6 4. g3 Nbd7 5. Qc2 c6 6. Bg2 Be7 7. 0-0 0-0 8. Nbd2 Qc7 9. Rd1 Rd8 10. b3 dxc4 11. Nxc4 Nd5 12. e4 Nb4 13. Qc3 c5 14. Bf4 Qc6 15. dxc5 Qxc5 16. Be3 Qc7 17. a3 b5 18. axb4 bxc4 19. bxc4 Bb7 20. Nd4 a6 21. Rac1 Nf6 22. f3 h5 23. c5 Bc6 24. Bf1 h4 25. Nxc6 Qxc6 26. g4 Nxe4 27. fxe4 Qxe4 28. Rd4 Qg6 29. Bd3 f5 30. Kh1 h3 31. Rg1 e5 32. Rxd8+ Rxd8 33. Qc4+ Kh8 34. Bxf5 Qf6 35. Qe4 1-0

[Event "BCF-ch U14"]
[Site "Llandudno"]
[Date "2017.08.03"]
[Round "5"]
[White "Phillips, David"]
[Black "Neale, George"]
[Result "0-1"]
[WhiteElo "1828"]
[BlackElo "1635"]
[PlyCount "60"]
[EventDate "2017.07.30"]
[EventType "swiss"]
[EventRounds "7"]
[EventCountry "WLS"]
[SourceTitle "CBM 179 Extra"]
[Source "ChessBase"]
[SourceDate "2017.08.23"]
[SourceVersion "1"]
[SourceVersionDate "2017.08.23"]
[SourceQuality "1"]

1. d4 d5 2. Bf4 Nf6 3. e3 e6 4. Nf3 Nbd7 5. Nbd2 c5 6. c3 Be7 7. Ne5 a6 8. Bd3 Qb6 9. Rb1 Qa5 10. a3 cxd4 11. exd4 Nf8 12. Ndf3 Ne4 13. Bxe4 dxe4 14. Nd2 f6 15. Nec4 Qf5 16. Bg3 b5 17. Nb6 Bb7 18. Nxa8 Bxa8 19. Qe2 h5 20. h3 h4 21. Bh2 Ng6 22. 0-0 Nf4 23. Bxf4 Qxf4 24. Rbe1 Bd6 25. g3 hxg3 26. fxg3 Qxg3+ 27. Qg2 Qxg2+ 28. Kxg2 e3+ 29. Nf3 Bf4 30. h4 Rxh4 0-1

[Event "GBR-ch Major 104th"]
[Site "Llandudno"]
[Date "2017.08.01"]
[Round "4"]
[White "Johnson, Paul A"]
[Black "Neale, George"]
[Result "1/2-1/2"]
[WhiteElo "1870"]
[BlackElo "1635"]
[PlyCount "134"]
[EventDate "2017.07.29"]
[EventType "swiss"]
[EventRounds "9"]
[EventCountry "WLS"]
[SourceTitle "CBM 179 Extra"]
[Source "ChessBase"]
[SourceDate "2017.08.23"]
[SourceVersion "1"]
[SourceVersionDate "2017.08.23"]
[SourceQuality "1"]

1. d4 d5 2. Nf3 Nf6 3. c4 e6 4. Nc3 Be7 5. Bf4 c6 6. e3 0-0 7. Bd3 Nbd7 8. h3 a6 9. 0-0 dxc4 10. Bxc4 b5 11. Bd3 c5 12. Rc1 Bb7 13. Qe2 cxd4 14. exd4 Nb6 15. Rfd1 Nbd5 16. Bh2 Bd6 17. Ne5 Nxc3 18. bxc3 Nd5 19. Qh5 h6 20. c4 bxc4 21. Bxc4 Rc8 22. Qg4 Nf6 23. Qe2 Qa5 24. Bd3 Qd5 25. Nf3 Bxh2+ 26. Kxh2 Qd6+ 27. Kg1 Nd5 28. Qb2 Nb4 29. Be2 Rxc1 30. Qxc1 Nxa2 31. Qb2 Nb4 32. Ne5 Rc8 33. Nc4 Qd5 34. Ne3 Qd8 35. Nc4 Qf8 36. Rb1 Be4 37. Qxb4 Bxb1 38. Qxb1 Rb8 39. Qa2 Qb4 40. Qxa6 Qe1+ 41. Bf1 Rb1 42. Qa8+ Kh7 43. Ne3 Rb2 44. Qf3 Kg8 45. g4 Qc3 46. Qa8+ Kh7 47. Nd1 Qxd4 48. Nxb2 Qxb2 49. Bd3+ g6 50. Qf3 Qg7 51. h4 f5 52. Kh2 Qf6 53. Kh3 fxg4+ 54. Qxg4 h5 55. Qxh5+ Kg7 56. Qg4 Qxf2 57. Qxg6+ Kf8 58. Qh6+ Ke7 59. Qg5+ Kd6 60. h5 Qf3+ 61. Qg3+ Qxg3+ 62. Kxg3 Ke5 63. Kg4 Kf6 64. h6 Kf7 65. Bh7 Kf6 66. Be4 Kf7 67. Bh7 Kf6 1/2-1/2

[Event "BCF-ch U14"]
[Site "Llandudno"]
[Date "2017.07.31"]
[Round "2"]
[White "Shepherd, Tom"]
[Black "Neale, George"]
[Result "1/2-1/2"]
[WhiteElo "1485"]
[BlackElo "1635"]
[PlyCount "65"]
[EventDate "2017.07.30"]
[EventType "swiss"]
[EventRounds "7"]
[EventCountry "WLS"]
[SourceTitle "CBM 179 Extra"]
[Source "ChessBase"]
[SourceDate "2017.08.23"]
[SourceVersion "1"]
[SourceVersionDate "2017.08.23"]
[SourceQuality "1"]

1. d4 d5 2. c4 e6 3. Nf3 Nf6 4. Nc3 Be7 5. Bf4 a6 6. c5 0-0 7. e3 Nbd7 8. Bd3 Re8 9. 0-0 Nf8 10. h3 b6 11. b4 Bb7 12. a3 Ne4 13. Qc2 f5 14. Ne5 g5 15. Bh2 Ng6 16. Nxg6 hxg6 17. f3 Nf6 18. Rac1 bxc5 19. bxc5 Bc6 20. a4 Qd7 21. Rb1 Kg7 22. Be5 Kf7 23. a5 Bf8 24. Qf2 Bh6 25. g4 Rh8 26. Kg2 Bg7 27. Qg3 Bh6 28. Bxc7 f4 29. Bxf4 gxf4 30. exf4 Qc7 31. Ne2 Nd7 32. Rbe1 Rhg8 33. Kh1 1/2-1/2

[Event "GBR-ch Major 104th"]
[Site "Llandudno"]
[Date "2017.07.29"]
[Round "1"]
[White "Neale, George"]
[Black "Rushbrooke, Remy"]
[Result "1-0"]
[WhiteElo "1635"]
[BlackElo "1909"]
[PlyCount "127"]
[EventDate "2017.07.29"]
[EventType "swiss"]
[EventRounds "9"]
[EventCountry "WLS"]
[SourceTitle "CBM 179 Extra"]
[Source "ChessBase"]
[SourceDate "2017.08.23"]
[SourceVersion "1"]
[SourceVersionDate "2017.08.23"]
[SourceQuality "1"]

1. d4 f5 2. c4 e6 3. Nc3 Nf6 4. Nf3 Be7 5. Bf4 0-0 6. d5 Ne4 7. dxe6 Bb4 8. Qb3 Nc6 9. exd7 Bxd7 10. a3 Bc5 11. e3 Nd6 12. Rd1 Qe8 13. Nd5 Rc8 14. Nxc7 Rxc7 15. Bxd6 Bxd6 16. Rxd6 Ne5 17. Nxe5 Qxe5 18. c5+ Kh8 19. Rd5 Qe7 20. Qb4 Bc6 21. Rd4 Qg5 22. h4 Qf6 23. Rd6 Qe7 24. h5 f4 25. Qd4 fxe3 26. Qxe3 Qf7 27. Be2 Re7 28. Qg3 Qc4 29. Qd3 Qxc5 30. 0-0 Rxe2 31. Rxc6 Qxh5 32. Qd6 Ree8 33. Rc7 Rf6 34. Qd7 Rg8 35. Rxb7 Rh6 36. Qh3 Qd5 37. Qb3 Qh5 38. Qh3 Qe2 39. Qf3 Qe6 40. Rxa7 Qc4 41. Re1 Rf6 42. Qe4 Qc5 43. Qe3 Qd5 44. Re7 Rff8 45. b4 Qa2 46. b5 Qb2 47. a4 Rb8 48. Re8 Rbxe8 49. Qxe8 Qb4 50. Qe4 Qa5 51. Rb1 Qb6 52. Qc6 Qd4 53. b6 Rf8 54. Qc2 Qd7 55. b7 Rb8 56. Qe4 Qc7 57. Re1 h6 58. Rb1 h5 59. Qd5 Qc2 60. Qxh5+ Kg8 61. Qd5+ Kh8 62. Qb3 Qd2 63. Qh3+ Kg8 64. Qc8+ 1-0

[Event "BCF-chT3S 1617 (4NCL) Demotion pool"]
[Site "England"]
[Date "2017.03.19"]
[Round "8.76"]
[White "Ratnesan, Ranesh"]
[Black "Neale, George"]
[Result "1/2-1/2"]
[WhiteElo "1813"]
[BlackElo "1672"]
[PlyCount "102"]
[EventDate "2016.11.26"]
[EventType "team-tourn"]
[EventRounds "11"]
[EventCountry "ENG"]
[SourceTitle "EXT 2019"]
[Source "ChessBase"]
[SourceDate "2018.10.10"]
[SourceVersion "1"]
[SourceVersionDate "2018.10.10"]
[SourceQuality "1"]
[WhiteTeam "Surbiton"]
[BlackTeam "Sussex Martlets II"]
[WhiteTeamCountry "ENG"]
[BlackTeamCountry "ENG"]

1. d4 d5 2. Nf3 Nf6 3. g3 e6 4. c4 Be7 5. Bg2 c6 6. Nc3 Nbd7 7. 0-0 0-0 8. Nd2 Bb4 9. Qb3 Qa5 10. a3 Bxc3 11. bxc3 e5 12. cxd5 Nxd5 13. Bb2 exd4 14. Nc4 Qb5 15. Qxb5 cxb5 16. Bxd5 bxc4 17. Bxc4 Nb6 18. Bb3 Bh3 19. Rfd1 dxc3 20. Bxc3 Rfe8 21. e3 Rac8 22. Rac1 Bg4 23. Re1 Red8 24. Bd4 Rxc1 25. Rxc1 Rc8 26. Rxc8+ Nxc8 27. Bd5 b6 28. Be5 Kf8 29. Be4 h6 30. f3 Bd7 31. Kf2 f6 32. Bc3 a5 33. Bd4 Ke8 34. Bd5 Kd8 35. e4 Ke7 36. Ke3 Kd6 37. Bb7 b5 38. f4 Kc7 39. Bd5 Kd6 40. Ba8 b4 41. axb4 axb4 42. e5+ Ke6 43. g4 fxe5 44. fxe5 Ne7 45. Be4 Bc6 46. Bc2 Bd5 47. h4 Bc4 48. h5 b3 49. Bb1 Nd5+ 50. Kf3 Nb4 51. Kf4 Be2 1/2-1/2

[Event "BCF-chT3Sb 1617 (4NCL)"]
[Site "England"]
[Date "2017.03.18"]
[Round "7.66"]
[White "Neale, George"]
[Black "Phillips, William"]
[Result "1/2-1/2"]
[WhiteElo "1688"]
[BlackElo "1861"]
[PlyCount "48"]
[EventDate "2016.11.26"]
[EventType "team-tourn"]
[EventRounds "11"]
[EventCountry "ENG"]
[SourceTitle "EXT 2019"]
[Source "ChessBase"]
[SourceDate "2018.10.10"]
[SourceVersion "1"]
[SourceVersionDate "2018.10.10"]
[SourceQuality "1"]
[WhiteTeam "Sussex Martlets II"]
[BlackTeam "Cambridge University II"]
[WhiteTeamCountry "ENG"]
[BlackTeamCountry "ENG"]

1. d4 Nf6 2. Nf3 e6 3. g3 b6 4. Bg2 Bb7 5. 0-0 Be7 6. c4 0-0 7. Nc3 Ne4 8. Nxe4 Bxe4 9. d5 Bf6 10. Ne1 Bxg2 11. Nxg2 e5 12. e4 d6 13. Ne3 g6 14. Ng4 Bg7 15. Nh6+ Kh8 16. Qf3 f5 17. exf5 Bxh6 18. Bxh6 Rxf5 19. Qg4 Nd7 20. Bd2 Qe7 21. Bc3 Raf8 22. f4 Kg8 23. Rae1 Qf7 24. Bd2 Qf6 1/2-1/2

[Event "BCF-chT4S 1617 (4NCL)"]
[Site "England"]
[Date "2016.11.27"]
[Round "2.42"]
[White "Balouka Myers, Gabriel"]
[Black "Neale, George"]
[Result "1-0"]
[WhiteElo "1825"]
[BlackElo "1695"]
[PlyCount "75"]
[EventDate "2016.11.26"]
[EventType "team-swiss"]
[EventRounds "11"]
[EventCountry "ENG"]
[SourceTitle "EXT 2019"]
[Source "ChessBase"]
[SourceDate "2018.10.10"]
[SourceVersion "1"]
[SourceVersionDate "2018.10.10"]
[SourceQuality "1"]
[WhiteTeam "Barnet Knights II"]
[BlackTeam "Sussex Martlets III"]
[WhiteTeamCountry "ENG"]
[BlackTeamCountry "ENG"]

1. Nf3 Nf6 2. g3 g6 3. d4 d5 4. c4 c6 5. Bg2 Bg7 6. 0-0 0-0 7. cxd5 cxd5 8. Nc3 Nc6 9. Ne5 e6 10. Nxc6 bxc6 11. Na4 Nd7 12. e3 Ba6 13. Re1 Rb8 14. Qc2 Qc7 15. b3 Rfe8 16. Ba3 Bb5 17. Nc5 Nxc5 18. Bxc5 Bf8 19. Rec1 Rec8 20. Bxf8 Kxf8 21. a4 Ba6 22. Qc5+ Qe7 23. Qa5 Qb7 24. Rab1 Ke8 25. e4 Qb6 26. Qc3 Kd7 27. b4 Bc4 28. Qf3 Ke7 29. Qe3 a5 30. b5 Kd6 31. Qf4+ Ke7 32. Qh4+ Kf8 33. Qf6 cxb5 34. exd5 exd5 35. Qh8+ Ke7 36. Re1+ Kd6 37. Qf6+ Kc7 38. Qxf7+ 1-0

[Event "BCF-ch U13"]
[Site "Bournemouth"]
[Date "2016.08.05"]
[Round "7"]
[White "Verma, Aditya"]
[Black "Neale, George"]
[Result "1-0"]
[WhiteElo "1908"]
[BlackElo "1622"]
[PlyCount "123"]
[EventDate "2016.07.31"]
[EventType "swiss"]
[EventRounds "7"]
[EventCountry "ENG"]
[SourceTitle "CBM 173 Extra"]
[Source "ChessBase"]
[SourceDate "2016.08.29"]
[SourceVersion "1"]
[SourceVersionDate "2016.08.29"]
[SourceQuality "1"]

1. d4 d5 2. c4 e6 3. Nc3 Nf6 4. Bg5 Be7 5. cxd5 exd5 6. e3 c6 7. Bd3 0-0 8. Qc2 h6 9. Bh4 Re8 10. h3 Ne4 11. Bxe7 Qxe7 12. Bxe4 dxe4 13. Nge2 Nd7 14. 0-0 Nf6 15. Ng3 c5 16. Rfd1 b6 17. Rac1 cxd4 18. Rxd4 Bb7 19. Nf5 Qc7 20. Nd5 Qe5 21. Nxf6+ Qxf6 22. Nd6 Re7 23. Nxb7 Rxb7 24. Qxe4 Rbb8 25. Rc6 Qg5 26. Rd5 Re8 27. Qd4 Qe7 28. Rd7 Qg5 29. Rcc7 Rad8 30. h4 Qf6 31. Qxf6 gxf6 32. Rxf7 Rd1+ 33. Kh2 Re4 34. Rg7+ Kf8 35. Rh7 Kg8 36. Rcg7+ Kf8 37. Rxa7 Kg8 38. Rhb7 Rd8 39. Rxb6 Rxh4+ 40. Kg3 Rh5 41. Rxf6 Rb8 42. Rg6+ Kf8 43. Kg4 Rg5+ 44. Rxg5 hxg5 45. b3 Rb5 46. g3 Re5 47. b4 Re4+ 48. Kxg5 Rxb4 49. g4 Rb2 50. f4 Re2 51. Ra3 Ke7 52. Kf5 Rb2 53. e4 Rb5+ 54. e5 Rb8 55. Ra7+ Kf8 56. g5 Re8 57. Kf6 Rb8 58. a4 Rc8 59. a5 Rb8 60. a6 Rc8 61. e6 Ke8 62. Rb7 1-0

[Event "BCF-ch U13"]
[Site "Bournemouth"]
[Date "2016.08.04"]
[Round "6"]
[White "Kapoor, Gurveen"]
[Black "Neale, George"]
[Result "0-1"]
[WhiteElo "1358"]
[BlackElo "1622"]
[PlyCount "118"]
[EventDate "2016.07.31"]
[EventType "swiss"]
[EventRounds "7"]
[EventCountry "ENG"]
[SourceTitle "CBM 173 Extra"]
[Source "ChessBase"]
[SourceDate "2016.08.29"]
[SourceVersion "1"]
[SourceVersionDate "2016.08.29"]
[SourceQuality "1"]

1. d4 d5 2. c4 e6 3. Nc3 Nf6 4. cxd5 exd5 5. Bg5 Be7 6. e3 0-0 7. Bd3 h6 8. Bh4 c6 9. Nge2 Ne4 10. Bxe7 Qxe7 11. Qc2 Re8 12. 0-0 Nd7 13. Nf4 Ndf6 14. Rae1 Bd7 15. a3 Nxc3 16. Qxc3 Qd6 17. Qc2 Ng4 18. h3 g5 19. hxg4 gxf4 20. Bf5 Bxf5 21. Qxf5 Re4 22. g3 fxe3 23. Kg2 e2 24. Rh1 Qe6 25. Qxe6 Rxe6 26. f3 Kg7 27. Kf2 Rae8 28. Rh5 f6 29. Rh2 Re3 30. Kg2 Rb3 31. Kh3 Rxb2 32. Rf2 b5 33. f4 a5 34. Kh4 Re4 35. Rg2 b4 36. axb4 axb4 37. Kh5 Rc2 38. g5 hxg5 39. fxg5 fxg5 40. Kxg5 b3 41. g4 b2 42. Rf2 Rc1 43. Rexe2 Rxe2 44. Rxe2 b1Q 45. Re7+ Kf8 46. Re5 Kf7 47. Rf5+ Kg7 48. Rf6 Qe4 49. Rf5 Qe7+ 50. Kf4 Rf1+ 51. Kg3 Qe3+ 52. Kh2 Rf2+ 53. Rxf2 Qxf2+ 54. Kh1 Qa2 55. g5 Kg6 56. Kg1 Kxg5 57. Kf1 Kf4 58. Ke1 Ke3 59. Kd1 Qd2# 0-1

[Event "BCF-ch Week2 PM op"]
[Site "Bournemouth"]
[Date "2016.08.03"]
[Round "3"]
[White "Fleming, Andrew"]
[Black "Neale, George"]
[Result "1-0"]
[WhiteElo "1909"]
[BlackElo "1622"]
[PlyCount "45"]
[EventDate "2016.08.01"]
[EventType "swiss"]
[EventRounds "5"]
[EventCountry "ENG"]
[SourceTitle "CBM 173 Extra"]
[Source "ChessBase"]
[SourceDate "2016.08.29"]
[SourceVersion "1"]
[SourceVersionDate "2016.08.29"]
[SourceQuality "1"]

1. e4 e5 2. Nf3 Nf6 3. Nc3 Nc6 4. Bb5 a6 5. Ba4 b5 6. Bb3 Bc5 7. d3 0-0 8. Bg5 h6 9. Bh4 Bb4 10. 0-0 Bxc3 11. bxc3 Re8 12. a4 Bb7 13. Rb1 Na5 14. axb5 axb5 15. Ba2 c6 16. Re1 Qe7 17. Qc1 d6 18. d4 Nc4 19. Bxc4 bxc4 20. Bxf6 gxf6 21. Qxh6 Ra2 22. Nh4 Bc8 23. Re3 1-0

[Event "BCF-ch U13"]
[Site "Bournemouth"]
[Date "2016.08.03"]
[Round "5"]
[White "Neale, George"]
[Black "Ahluwalia, Amardip"]
[Result "0-1"]
[WhiteElo "1622"]
[BlackElo "1913"]
[PlyCount "68"]
[EventDate "2016.07.31"]
[EventType "swiss"]
[EventRounds "7"]
[EventCountry "ENG"]
[SourceTitle "CBM 173 Extra"]
[Source "ChessBase"]
[SourceDate "2016.08.29"]
[SourceVersion "1"]
[SourceVersionDate "2016.08.29"]
[SourceQuality "1"]

1. d4 Nf6 2. Nf3 g6 3. g3 Bg7 4. Bg2 d5 5. 0-0 0-0 6. c4 dxc4 7. Ne5 Ne8 8. Na3 c5 9. Naxc4 Qxd4 10. Qb3 Bxe5 11. Nxe5 Qxe5 12. Bxb7 Bxb7 13. Qxb7 Qc7 14. Qxa8 Nc6 15. Bh6 Ng7 16. Bf4 Qb6 17. Qxf8+ Kxf8 18. Rac1 Ne6 19. Be3 Ncd4 20. Rfe1 Kg7 21. b3 Qb5 22. Kf1 Nf3 23. a4 Qa6 24. Red1 Nxh2+ 25. Kg2 Ng4 26. Bxc5 Nxc5 27. Rxc5 Qxe2 28. Rdc1 Qxf2+ 29. Kh3 h5 30. R5c2 Qf3 31. Rc3 Ne3 32. Rxe3 Qxe3 33. Rc7 Qf3 34. Rxe7 Qh1# 0-1

[Event "BCF-ch U13"]
[Site "Bournemouth"]
[Date "2016.08.02"]
[Round "4"]
[White "Miller, Max C"]
[Black "Neale, George"]
[Result "0-1"]
[WhiteElo "1420"]
[BlackElo "1622"]
[PlyCount "74"]
[EventDate "2016.07.31"]
[EventType "swiss"]
[EventRounds "7"]
[EventCountry "ENG"]
[SourceTitle "CBM 173 Extra"]
[Source "ChessBase"]
[SourceDate "2016.08.29"]
[SourceVersion "1"]
[SourceVersionDate "2016.08.29"]
[SourceQuality "1"]

1. d4 d5 2. Nf3 Nf6 3. e3 e6 4. Bd3 Be7 5. b3 0-0 6. Bb2 Nbd7 7. Nbd2 b6 8. 0-0 Bb7 9. Ne5 Ne4 10. f3 Nxd2 11. Qxd2 f6 12. Ng4 Qe8 13. Qe2 f5 14. Ne5 Nxe5 15. dxe5 Qh5 16. f4 Qxe2 17. Bxe2 a5 18. Rac1 a4 19. c4 axb3 20. axb3 Ra2 21. cxd5 Bxd5 22. Rb1 Be4 23. Bc4 Kf7 24. h3 Bc5 25. Bd4 Rxg2+ 26. Kh1 Rb2+ 27. Kg1 Rxb1 28. Rxb1 Bxb1 29. Kf2 Rd8 30. Bc3 Bd3 31. Bxd3 Rxd3 32. Bd4 Bxd4 33. exd4 Rxd4 34. Kg3 Rd3+ 35. Kh4 Rxb3 36. Kg5 h6+ 37. Kh4 c5 0-1

[Event "Crawley e2e4 Gatwick op U1850"]
[Site "Crawley"]
[Date "2016.05.30"]
[Round "7"]
[White "Neale, George"]
[Black "Foley, Phil T"]
[Result "1-0"]
[WhiteElo "1622"]
[BlackElo "1710"]
[PlyCount "81"]
[EventDate "2016.05.27"]
[EventType "swiss"]
[EventRounds "7"]
[EventCountry "ENG"]
[SourceTitle "EXT 2019"]
[Source "ChessBase"]
[SourceDate "2018.10.10"]
[SourceVersion "1"]
[SourceVersionDate "2018.10.10"]
[SourceQuality "1"]

1. d4 e6 2. c4 f5 3. g3 Nf6 4. Bg2 d5 5. Nc3 c6 6. b3 Bd6 7. Nf3 0-0 8. 0-0 Qe7 9. Qc2 b6 10. a3 Nbd7 11. Re1 Ne4 12. cxd5 exd5 13. Nxe4 fxe4 14. Qxc6 exf3 15. Qxa8 fxg2 16. Qxd5+ Kh8 17. Qxg2 Nf6 18. e4 Bb7 19. f3 Bc7 20. Bb2 Qf7 21. Rac1 b5 22. Kh1 Bb6 23. d5 Nd7 24. Rf1 Nc5 25. Qc2 h6 26. Rce1 Qh5 27. Bc3 Rf7 28. b4 Na4 29. Qd2 Qg6 30. Bd4 Kh7 31. Rc1 Bxd4 32. Qxd4 Nb6 33. d6 Nc4 34. d7 Rf8 35. d8Q Rxd8 36. Qxd8 Ne3 37. Rfe1 Nc4 38. Qc7 Nd6 39. Rc6 Bxc6 40. Qxc6 Qf6 41. e5 1-0